| 000 | 00688cab a2200217 4500 | ||
|---|---|---|---|
| 001 | WB2802-21 | ||
| 008 | 090401t1992 xxu||||| |||| 00| 0 eng d | ||
| 035 | _a(Sirsi) u849 | ||
| 041 | _aeng | ||
| 245 | _aJapan homes in on mock-Tudor houses | ||
| 260 | _c1992 | ||
| 350 | _a0 | ||
| 490 |
_aFinancial Times _v3 January 1992, 10(1) |
||
| 520 | _aJapan is to import British mock-Tudor housing designs from Beazer Homes, adapted to local requirements and built under licence by Kureha Construction. | ||
| 650 | _aEARTHQUAKE PRECAUTIONS | ||
| 650 | _aHOUSE BUILDING | ||
| 650 | _aTIMBER-FRAME CONSTRUCTION | ||
| 690 | _aOVERSEAS-REST OF THE WORLD | ||
| 942 | _n0 | ||
| 948 | _c04/03/1997 | ||
| 999 |
_c472 _d472 |
||